000 00468nam a2200181Ia 4500
003 OSt
005 20230530144352.0
008 210423s2008 xx 000 0 und d
040 _cAL
041 _aeng
082 _a658.4
_223
_bNELP
100 _aNelson (D L).
_9117020
245 _aPosition organizational behaviour.
260 _aLondon
_bSage Publications
_c2008
365 _b1942
_cINR
906 _abehaviour ; organizational ; Positive
942 _2ddc
_cBK
999 _c175488
_d175488